[Event "British Rapidplay"]
[Site "Peterborough"]
[Date "2024.03.03"]
[Round "7"]
[White "Kothari, Jai"]
[Black "Brocklehurst, Andrew"]
[Result "1-0"]
[WhiteElo "1942"]
[BlackElo "1880"]
[PlyCount "83"]
[EventDate "2024.03.02"]
[EventType "swiss (rapid)"]
[EventRounds "11"]
[EventCountry "ENG"]
[SourceTitle "CB10_2024"]
[SourceDate "2024.03.06"]
[SourceVersion "1"]
[SourceVersionDate "2024.03.06"]
[SourceQuality "1"]

1. e4 c5 2. Nc3 d6 3. f4 Nc6 4. Nf3 a6 5. a4 g6 6. Bc4 Bg7 7. 0-0 Nf6 8. h3 0-0 9. d3 e6 10. Qe1 d5 11. Ba2 Nb4 12. Bb1 Bd7 13. e5 Ne8 14. Ne2 b5 15. c3 Nc6 16. Be3 bxa4 17. Bxc5 Ne7 18. Bc2 Nc7 19. Ned4 Re8 20. Bxa4 Nb5 21. Qd2 Rc8 22. b4 Bf8 23. Bxb5 axb5 24. Nb3 Nf5 25. d4 Ng3 26. Rfe1 Ne4 27. Qe3 Bg7 28. Nfd2 f5 29. Ra7 Bc6 30. Rea1 Qh4 31. Nxe4 dxe4 32. Kh2 Bd5 33. Nd2 g5 34. g3 gxf4 35. gxh4 fxe3 36. Rg1 Rxc5 37. Rgxg7+ Kh8 38. Rxh7+ Kg8 39. Rag7+ Kf8 40. h5 Rc7 41. Rxc7 exd2 42. Rh8# 1-0

[Event "British Rapidplay"]
[Site "Peterborough"]
[Date "2024.03.02"]
[Round "1"]
[White "Kothari, Jai"]
[Black "Darbost, Fabien"]
[Result "1-0"]
[WhiteElo "1942"]
[BlackElo "1615"]
[PlyCount "32"]
[EventDate "2024.03.02"]
[EventType "swiss (rapid)"]
[EventRounds "11"]
[EventCountry "ENG"]
[SourceTitle "CB10_2024"]
[SourceDate "2024.03.06"]
[SourceVersion "1"]
[SourceVersionDate "2024.03.06"]
[SourceQuality "1"]

1. e4 e6 2. d4 d5 3. Bd3 c5 4. exd5 exd5 5. c3 Nc6 6. Nf3 Nf6 7. 0-0 Be6 8. Re1 Bd6 9. dxc5 Bxc5 10. Qa4 0-0 11. Qh4 h6 12. Bxh6 Nh7 13. Bxh7+ Kh8 14. Bg5 Qxg5 15. Nxg5 g6 16. Qh6 f6 1-0

[Event "Daventry 4NCL op-A 30th"]
[Site "Daventry"]
[Date "2023.06.16"]
[Round "1"]
[White "Kothari, Jai"]
[Black "Payne, Matthew"]
[Result "0-1"]
[WhiteElo "1767"]
[BlackElo "2104"]
[PlyCount "124"]
[EventDate "2023.06.16"]
[EventType "swiss"]
[EventRounds "5"]
[EventCountry "ENG"]
[SourceTitle "CBM 214 Extra"]
[Source "ChessBase"]
[SourceDate "2023.07.31"]
[SourceVersion "1"]
[SourceVersionDate "2023.07.31"]
[SourceQuality "1"]

1. e4 e6 2. d4 d5 3. Nc3 Nf6 4. e5 Nfd7 5. f4 c5 6. Nf3 Nc6 7. Be3 Be7 8. Qd2 a6 9. a3 b5 10. Be2 Qb6 11. dxc5 Bxc5 12. Bxc5 Qxc5 13. Bd3 f6 14. Qe2 0-0 15. exf6 Nxf6 16. 0-0-0 b4 17. axb4 Qxb4 18. Nb1 Rb8 19. c3 Qxf4+ 20. Qd2 Qxd2+ 21. Rxd2 e5 22. Bc2 e4 23. Nd4 Nxd4 24. Rxd4 Be6 25. c4 Rb4 26. Rhd1 Rxc4 27. Rxc4 dxc4 28. Nc3 e3 29. Re1 Nd5 30. Nxd5 Bxd5 31. Rxe3 Bxg2 32. Kd2 Bc6 33. Kc3 Rf4 34. b3 cxb3 35. Bxb3+ Kf8 36. Re6 Rf3+ 37. Kc2 Rxb3 38. Rxc6 Rh3 39. Rxa6 Rxh2+ 40. Kd3 Rf2 41. Ke3 Rf6 42. Ra7 h5 43. Rb7 g6 44. Ke4 Rf7 45. Rb6 Kg7 46. Ke5 h4 47. Ra6 Rf5+ 48. Ke4 h3 49. Ra2 Kf6 50. Rh2 Rh5 51. Kf4 g5+ 52. Kg3 Kf5 53. Rf2+ Ke4 54. Re2+ Kd3 55. Rh2 Ke3 56. Kg4 Rh8 57. Kg3 Rh4 58. Rxh3 Rxh3+ 59. Kxh3 Kf3 60. Kh2 g4 61. Kg1 Kg3 62. Kh1 Kf2 0-1

[Event "Daventry 4NCL Easter op-A 3rd"]
[Site "Daventry"]
[Date "2023.04.09"]
[Round "5"]
[White "Kothari, Jai"]
[Black "Headlong, Georgia"]
[Result "1-0"]
[WhiteElo "1722"]
[BlackElo "1694"]
[PlyCount "77"]
[EventDate "2023.04.07"]
[EventType "swiss"]
[EventRounds "7"]
[EventCountry "ENG"]
[SourceTitle "CBM 213 Extra"]
[Source "ChessBase"]
[SourceDate "2023.05.31"]
[SourceVersion "1"]
[SourceVersionDate "2023.05.31"]
[SourceQuality "1"]

1. e4 e5 2. Nf3 Nf6 3. Nc3 Nc6 4. Be2 Bb4 5. 0-0 0-0 6. Nd5 Be7 7. Nxe7+ Qxe7 8. d3 d6 9. c3 h6 10. b4 Qd8 11. Qc2 Bg4 12. Bb2 Re8 13. h3 Bh5 14. b5 Nb8 15. c4 Nbd7 16. Rfe1 Bg6 17. Bf1 Nc5 18. Nd2 Ne6 19. Nb3 Qd7 20. a4 Nf4 21. c5 b6 22. cxd6 cxd6 23. f3 Rac8 24. Qd2 Qe6 25. Nc1 Rc7 26. Na2 Rec8 27. Nb4 Nd7 28. d4 Qf6 29. Nc6 Ne6 30. dxe5 dxe5 31. Qd6 Nb8 32. Bxe5 Qg5 33. Nxb8 Rxb8 34. f4 Qh5 35. Qb4 Rbc8 36. Bxc7 Nxc7 37. Rac1 Qh4 38. Qd6 Qg3 39. Qd7 1-0

[Event "Daventry 4NCL Easter op-A 3rd"]
[Site "Daventry"]
[Date "2023.04.07"]
[Round "1"]
[White "Kothari, Jai"]
[Black "Shearsby, Jude"]
[Result "0-1"]
[WhiteElo "1722"]
[BlackElo "2041"]
[PlyCount "80"]
[EventDate "2023.04.07"]
[EventType "swiss"]
[EventRounds "7"]
[EventCountry "ENG"]
[SourceTitle "CBM 213 Extra"]
[Source "ChessBase"]
[SourceDate "2023.05.31"]
[SourceVersion "1"]
[SourceVersionDate "2023.05.31"]
[SourceQuality "1"]

1. e4 c5 2. Nf3 d6 3. d4 cxd4 4. Nxd4 Nf6 5. Nc3 a6 6. f3 e5 7. Nb3 Be6 8. Be3 Be7 9. Be2 0-0 10. 0-0 Nbd7 11. Nd5 Nxd5 12. exd5 Bf5 13. f4 exf4 14. Bxf4 Bg6 15. Bd3 Bg5 16. Bg3 Bf6 17. c3 Ne5 18. Bxg6 hxg6 19. Bf2 Qd7 20. h3 Rfe8 21. Rb1 Qa4 22. Nc1 Qc4 23. Qd2 Rac8 24. Rd1 Qe4 25. Nb3 Nc4 26. Qc1 Qf5 27. Nd4 Bxd4 28. Rxd4 Re2 29. Rf4 Qxd5 30. Rd4 Qf5 31. Rf4 Qe6 32. b3 Ne5 33. Qd1 Nc6 34. a4 Ne7 35. c4 g5 36. Rf3 Ng6 37. Rd3 Re8 38. Rxd6 Qf5 39. Bg3 Nf4 40. Bxf4 Qxf4 0-1